1992 Quality Progress salary survey.

Pre anketu o platoch pracovníkov v oblasti starostlivosti o akosť v roku 1992 boli spracované odpovede 4316 respondentov, členov ASQC, a zhrnuté v 25 predkladaných tabuľkách (výška platu podľa funkčného zaradenia, vzdelania a dĺžky praxe, veľkosti organizácie, odvetvia, geografickej lokality, pohlav...

Full description

Saved in:
Bibliographic Details
Main Author: Bemowski, K.
Format: Book Chapter
Language:English
Subjects:
Tags: Add Tag
No Tags, Be the first to tag this record!

MARC

LEADER 00000naa a2200000 4500
001 r010803
005 20220913122644.1
041 0 |a eng 
044 |a US 
245 1 0 |a 1992 Quality Progress salary survey.  |c K. Bemowski 
520 |a Pre anketu o platoch pracovníkov v oblasti starostlivosti o akosť v roku 1992 boli spracované odpovede 4316 respondentov, členov ASQC, a zhrnuté v 25 predkladaných tabuľkách (výška platu podľa funkčného zaradenia, vzdelania a dĺžky praxe, veľkosti organizácie, odvetvia, geografickej lokality, pohlavia, názorov respondentov o ich využití, atď.). Porovnanie s výsledkami ankety pre rok 1991. Organizácia ankety. 
610 2 0 |a mzdy 
610 2 0 |a platy 
610 2 0 |a pracovníci 
610 2 0 |a kvalita 
610 2 0 |a kontrola kvality 
610 2 0 |a ankety 
610 2 0 |a 1992 
610 2 0 |a údaje štatistické 
610 2 0 |a tabuľky štatistické 
610 2 0 |a USA 
100 1 |a Bemowski, K.